Chowder characters Quiz Stats

 Plays Quiz not verified by Sporcle

Challenge
Share
Tweet
Embed
Score 0/9 Timer 06:00
0 Plays Today
lines names % Correct
i'm not your boyfriendchowder
95%
'i love you, chowder'panini
81.7%
'what is going on'truffles
68.3%
radda raddashnitzel
51.7%
fart fart fart fartkimchi
51.7%
i'm buitefulendive
46.7%
get off of megorganzola
15%
'bad kiddy'mong
11.7%
'come sit by my beans'gazocho
6.7%

You're not logged in!

Compare scores with friends on all Sporcle quizzes.
Join for Free
OR
Log In

You Might Also Like...

Show Comments

Extras

Created Feb 12, 2011ReportNominate
Tags:character, chowder

Top Quizzes Today


Score Distribution

Your Account Isn't Verified!

In order to create a playlist on Sporcle, you need to verify the email address you used during registration. Go to your Sporcle Settings to finish the process.

Report this User

Report this user for behavior that violates our Community Guidelines.

Details: